Theories of engineering experimentation
Gespeichert in:
| 1. Verfasser: | |
|---|---|
| Format: | Buch |
| Sprache: | Englisch |
| Veröffentlicht: |
Nueva York
McGraw-Hill
1961
|
| Schlagworte: | |
| Tags: |
Tag hinzufügen
Keine Tags, Fügen Sie den ersten Tag hinzu!
|
MARC
| LEADER | 00000nam a2200000 a 4500 | ||
|---|---|---|---|
| 001 | UCP2799 | ||
| 003 | CL-VaPUC | ||
| 008 | 990531e19610000US |||||||||||||||||eng|d | ||
| 082 | 0 | 4 | |a 620.001 |b SCH |2 21 |
| 100 | 0 | |a Schenck, Hilbert |e author |9 429770 | |
| 245 | 1 | 0 | |a Theories of engineering experimentation |
| 300 | |a 239 p | ||
| 942 | |c BK | ||
| 945 | |d 19990531 00:00:00 |a cmena | ||
| 260 | |a Nueva York |b McGraw-Hill |c 1961 | ||
| 650 | 0 | |a Ingeniería |9 259380 | |
| 650 | 7 | |a DESARROLLO EXPERIMENTAL |2 CL-VaPUC |9 361303 | |
| 650 | 7 | |a INVESTIGACION APLICADA |2 CL-VaPUC |9 336384 | |
| 650 | 0 | |a Análisis estadístico |9 269506 | |
| 583 | |a last modification |c 19990531 00:00:00 |k Rodrigo Vera | ||
| 999 | |c 281269 |d 281267 | ||
| 952 | |0 0 |1 0 |4 0 |6 620_001000000000000_SCH_1961 |7 0 |8 P |9 321961 |a BIBMEC |b BIBMEC |d 2019-11-20 |i 1380133 |o 620.001 SCH 1961 |p 1380133 |r 2019-11-20 |w 2019-11-20 |y BK |k MEC | ||